Text Book of Electronics II PUC (Record no. 228585)
[ view plain ]
| 000 -LEADER | |
|---|---|
| fixed length control field | 00394nam a22001577a 4500 |
| 005 - DATE AND TIME OF LATEST TRANSACTION | |
| control field | 20230831114009.0 |
| 008 - FIXED-LENGTH DATA ELEMENTS--GENERAL INFORMATION | |
| fixed length control field | 230831b ||||| |||| 00| 0 eng d |
| 040 ## - CATALOGING SOURCE | |
| Transcribing agency | AL |
| 041 ## - LANGUAGE CODE | |
| Language code of text/sound track or separate title | eng |
| 082 ## - DEWEY DECIMAL CLASSIFICATION NUMBER | |
| Edition number | 23 |
| Classification number | 621.381 |
| Item number | BAST |
| 100 ## - MAIN ENTRY--PERSONAL NAME | |
| Personal name | Badavaraj B |
| 100 ## - MAIN ENTRY--PERSONAL NAME | |
| 9 (RLIN) | 131909 |
| 245 ## - TITLE STATEMENT | |
| Title | Text Book of Electronics II PUC |
| 650 ## - SUBJECT ADDED ENTRY--TOPICAL TERM | |
| Topical term or geographic name entry element | Electronics |
| 9 (RLIN) | 131910 |
| 700 ## - ADDED ENTRY--PERSONAL NAME | |
| Personal name | BASAVARAJ (B) |
| 9 (RLIN) | 131911 |
| 942 ## - ADDED ENTRY ELEMENTS (KOHA) | |
| Source of classification or shelving scheme | Dewey Decimal Classification |
| Koha item type | Book |
| Withdrawn status | Lost status | Source of classification or shelving scheme | Damaged status | Not for loan | Collection code | Home library | Current library | Date acquired | Total Checkouts | Full call number | Barcode | Date last seen | Price effective from | Koha item type |
|---|---|---|---|---|---|---|---|---|---|---|---|---|---|---|
| Discarded | Dewey Decimal Classification | Electronics | St Aloysius Library | St Aloysius Library | 08/31/2023 | 621.381 BAST | 041732 | 08/31/2023 | 08/31/2023 | Book |